The computerised land registration system [

Bibliographic Details
Format: Book
Subjects:

MARC

LEADER 00000cam a2200000 7i4500
001 0000019619
005 20220223.0
040 |a INS 
090 0 0 |a HD1206 2000 
245 0 4 |a The computerised land registration system [  |h cakera video] 
300 |a 1 cakera vide ( 23 min.) :   |b ill.b&w. ;   |c 3/4 in. 
500 |a Juga terdapat dalam bentuk kaset video 
500 |a Salinan daripada Pejabat Tanah dan Galian 
650 0 0 |a Land titles   |x Registration and transfer 
999 |a VCD0000846   |b VIDEO CD   |c Media Collection   |e Default branch